All Possessions of the British Empire in 1921 with a Map - Statistics

General Stats
  • This quiz has been taken 42,277 times
  • The average score is 43 of 96
Answers on the Map
Answers color-coded by a green-red scale on the quiz's map according to % correct below.
 
Answer Stats
Possessions % Correct
Canada
99%
United Kingdom
98%
India
97%
Australia
95%
Egypt
94%
South Africa
93%
Nepal
92%
Anglo-Egyptian Sudan
90%
New Zealand
90%
British Guiana
88%
Bhutan
86%
Iraq
84%
Bahamas
82%
Muscat and Oman
82%
Nigeria
82%
Kenya
81%
Transjordan
80%
Jamaica
78%
Newfoundland
77%
Cyprus
76%
Uganda
73%
Kuwait
71%
Fiji
68%
Malta
68%
Qatar
68%
Palestine
66%
Togoland
66%
Sierra Leone
65%
Maldives
64%
New Guinea (Australia)
62%
Solomon Islands
61%
Tonga
60%
Falkland Islands
59%
Bahrain
58%
Bermuda
58%
Cameroon
58%
Papua
58%
Trinidad and Tobago
58%
Swaziland
57%
Western Samoa (New Zealand)
57%
Northern Rhodesia
55%
Seychelles
55%
Southern Rhodesia
55%
Isle of Man
54%
Barbados
53%
Brunei
52%
Ceylon
51%
Gambia
51%
Gibraltar
50%
Nauru (Australia, NZ and UK)
49%
Hong Kong
48%
Somaliland
48%
Jersey
43%
Zanzibar
43%
Guernsey
40%
Mauritius
40%
Saint Helena
37%
British Honduras
35%
Tanganyika
35%
Gold Coast
34%
North Borneo
30%
Pitcairn Islands
28%
Aden
25%
Federated Malay States
22%
South West Africa (South Africa)
21%
Tristan da Cunha
19%
Guangzhou
18%
Ascension Island
16%
Sarawak
16%
Nyasaland
15%
Bechuanaland
14%
Gilbert and Ellice Islands
14%
Sikkim
14%
Tianjin
14%
Johor
12%
Norfolk Island
12%
Trucial States
12%
Basutoland
11%
Leeward Islands
10%
Windward Islands
10%
Xiamen
9%
New Hebrides
8%
Line Islands
5%
Straits Settlements
5%
Kedah
4%
Kelantan
4%
Perlis
4%
Weihaiwei
4%
Ashmore Reef
3%
Phoenix Islands
3%
Terengganu
3%
Baker Island
2%
Cartier Island
2%
Hankou
2%
Jiujiang
2%
Zhenjiang
2%
No matching quizzes found
Score Distribution
Percent of People with Each Score
Percentile by Number Answered
Your Score History
You have not taken this quiz